Normal view MARC view

Entry Personal Name

Number of records used in: 1

001 - CONTROL NUMBER

  • control field: 9174

003 - CONTROL NUMBER IDENTIFIER

  • control field: DLC

005 - DATE AND TIME OF LATEST TRANSACTION

  • control field: 20221010152349.0

008 - FIXED-LENGTH DATA ELEMENTS

  • fixed length control field: 130719n| azannaabn |n aaa

010 ## - LIBRARY OF CONGRESS CONTROL NUMBER

  • LC control number: nb2013014820

035 ## - SYSTEM CONTROL NUMBER

  • System control number: (OCoLC)oca09525144

040 ## - CATALOGING SOURCE

  • Original cataloging agency: Uk
  • Language of cataloging: eng
  • Description conventions: rda
  • Transcribing agency: Uk
  • Modifying agency: OCoLC

046 ## - SPECIAL CODED DATES

  • Birth date: 1973

100 1# - HEADING--PERSONAL NAME

  • Personal name: Jacob, Robinet,
  • Dates associated with a name: 1973-

370 ## - ASSOCIATED PLACE

  • Associated country: India
  • Other associated place: Kottayam, India
  • Other associated place: Srinagar, Jammu and Kashmir, India

372 ## - FIELD OF ACTIVITY

  • Field of activity: Tourism--India
  • Source of term: lcsh

373 ## - ASSOCIATED GROUP

  • Associated group: Mahatma Gandhi University (Kottayam, India). School of Tourism Studies

373 ## - ASSOCIATED GROUP

  • Associated group: H.N. Bahuguna Garhwal University
  • Source of term: naf

374 ## - OCCUPATION

  • Occupation: College teachers
  • Source of term: lcsh

375 ## - GENDER

  • Gender: male

377 ## - ASSOCIATED LANGUAGE

  • Language code: eng

670 ## - SOURCE DATA FOUND

  • Source citation: Places of touristic interest in India, 2013:
  • Information found: t.p. (robinet Jacob) back cover (He is currently Coordinator, School of Tourism Studies, Mahatma Gandhi University, Kottayam, Kerala. Obtained a PhD from HNB Garhwal University. Writes on Tourism in India)

670 ## - SOURCE DATA FOUND

  • Source citation: DK Agencies, 19 July 2013
  • Information found: (hdg.: Jacob, Robinet, 1973-)

Powered by Koha